书目信息 |
| 题名: |
电脑族: 身体告急
|
|
| 作者: | 奎尔特, , 帕斯科雷利 , 奎特 , 帕斯卡雷利, 著 ;陈亚杰 , 林英 译 | |
| 分册: | ||
| 出版信息: | 北京 中国对外翻译出版公司 2002 |
|
| 页数: | 331页 | |
| 开本: | 20cm | |
| 丛书名: | 百世文库 | |
| 单 册: | ||
| 中图分类: | R135 | |
| 科图分类: | ||
| 主题词: | 电子计算机--dian zi ji suan ji--职业病--防治 | |
| 电子资源: | ||
| ISBN: | 7-5001-1025-1 | |
| 000 | 01408nam 2200349 450 | |
| 001 | CAL 012004104411 | |
| 005 | 20061122112047.87 | |
| 010 | @a7-5001-1025-1@dCNY 24.50 | |
| 099 | @aCAL 012004104411 | |
| 100 | @a20041008d2002 ekmy0chiy0121 ea | |
| 101 | 1 | @achi@ceng |
| 102 | @aCN@b110000 | |
| 200 | 1 | @a电脑族: 身体告急@Adian nao zu: shen ti gao ji@e重复性使力损伤的预防与治疗@f(美)帕斯科雷利,奎特著@F(mei)pa si ke lei li,kui te zhu@g陈亚杰, 林英译 |
| 210 | @a北京@c中国对外翻译出版公司@d2002 | |
| 215 | @a331页@c图@d20cm | |
| 225 | 2 | @a百世文库@Abai shi wen ku |
| 306 | @a本书中文简体字版版权由台湾大苹果股份有限公司暨北京版权代理公司联合代理 | |
| 314 | @a责任者 (Pascarelli) 规范汉译姓: 帕斯卡雷利; 责任者 (Quilter) 规范汉译姓: 奎尔特 | |
| 410 | 0 | @12001 @a百世文库 |
| 513 | 1 | @aRepetitive strain injury@zeng |
| 516 | 1 | @a电脑族身体告急@Adian nao zu shen ti gao ji |
| 517 | 1 | @a重复性使力损伤的预防与治疗@Achong fu xing shi li sun shang de yu fang yu zhi liao |
| 606 | 0 | @a电子计算机@Adian zi ji suan ji@x职业病@x防治 |
| 690 | @aR135@v4 | |
| 701 | 1 | @a奎尔特,@Akui er te,@bD.@g(Quilter, Deborah)@4著 |
| 701 | 0 | @a帕斯科雷利@Apa si ke lei li@4著 |
| 701 | 0 | @a奎特@Akui te@4著 |
| 701 | 1 | @a帕斯卡雷利,@Apa si ka lei li,@bE.@g(Pascarelli, Emil)@4著 |
| 702 | 0 | @a陈亚杰@Achen ya jie@4译 |
| 702 | 0 | @a林英@Alin ying@4译 |
| 801 | @aCN@c20061122 | |
| 905 | @a10447@dR135@eP033 | |
| 电脑族: 身体告急:重复性使力损伤的预防与治疗/(美)帕斯科雷利,奎特著/陈亚杰, 林英译.-北京:中国对外翻译出版公司,2002 |
| 331页:图;20cm.-(百世文库) |
| ISBN 7-5001-1025-1:CNY 24.50 |
| ● |
| 相关链接 |
|
|
|
正题名:电脑族: 身体告急
索取号:R135/P033
 
预约/预借
| 序号 | 登录号 | 条形码 | 馆藏地/架位号 | 状态 | 备注 |
| 1 | 615715 | 206157157 | 自科二线504/504自科库 47排1列6层/ [索取号:R135/P033] | 在馆 |